Zmiany organizacyjne w przedsiebiorstwach.

Autor si kladie otázku, či si poľské podniky uvedomujú potrebu organizačných premien po zavedení trhovej ekonomiky. Na túto otázku odpovedá na základe výsledkov anketového prieskumu v 49 podnikov v r. 1990. Odpovede na najzávažnejšie otázky potreby organizačných premien a ich rozbor.

Na minha lista:
Detalhes bibliográficos
Autor principal: Krajewski, S.
Formato: Capítulo de Livro
Idioma:polonês
Assuntos:
Tags: Adicionar Tag
Sem tags, seja o primeiro a adicionar uma tag!

MARC

LEADER 00000naa a2200000 4500
001 r005125
005 20221125122706.4
041 0 |a pol 
044 |a PL 
245 1 0 |a Zmiany organizacyjne w przedsiebiorstwach.  |c S. Krajewski 
520 |a Autor si kladie otázku, či si poľské podniky uvedomujú potrebu organizačných premien po zavedení trhovej ekonomiky. Na túto otázku odpovedá na základe výsledkov anketového prieskumu v 49 podnikov v r. 1990. Odpovede na najzávažnejšie otázky potreby organizačných premien a ich rozbor. 
610 2 0 |a organizácia podniku 
610 2 0 |a PR 
610 2 0 |a ankety 
100 1 |a Krajewski, S.